000 00615nam a22002537a 4500
003 UA-OsUOA
001 30123
007 ta
008 20041105b un ||||| |||| 00| 0 ukr d
100 _aРусаков Евгений
090 _a91(73)
_bР88
942 _cBK
040 _aUA-OsUOA
_brus
_cUA-OsUOA
_dUA-OsUOA
245 _aАмерика без стереотипов
300 _a254 с.
_bІлюстрації
955 _a0
041 _arus
080 _a91(73)
020 _a5-244-00329-1
260 _aМосква
_bМысль
_c1989
044 _aRU
650 7 _2UDC
999 _c316530
_d316530